[Event "Santander-ch"]
[Site "Santander"]
[Date "2012.02.11"]
[Round "9"]
[White "Ruiz Aguilar, Pablo Alexander"]
[Black "Perez, Javier Enrique"]
[Result "1-0"]
[WhiteElo "2299"]
[BlackElo "1786"]
[PlyCount "77"]
[EventDate "2012.02.03"]
[EventType "tourn"]
[EventRounds "11"]
[EventCountry "COL"]
[SourceTitle "CBM 147 Extra"]
[Source "ChessBase"]
[SourceDate "2012.04.24"]
[SourceVersion "1"]
[SourceVersionDate "2012.04.24"]
[SourceQuality "1"]

1. e4 e6 2. d4 d5 3. Nd2 Nf6 4. e5 Nfd7 5. Bd3 c5 6. c3 Nc6 7. Ne2 Qb6 8. Nf3 cxd4 9. cxd4 f6 10. exf6 Nxf6 11. 0-0 Bd6 12. b3 e5 13. dxe5 Nxe5 14. Ned4 Nxd3 15. Qxd3 0-0 16. Bb2 Ne4 17. Qb5 Bc5 18. Qxb6 Bxb6 19. Rac1 g5 20. Ne5 Re8 21. Nd3 a5 22. Nb5 Bf5 23. Rfd1 Rac8 24. Nd4 Bg6 25. h4 gxh4 26. Nf4 Rxc1 27. Rxc1 Nc5 28. Rd1 Be4 29. f3 Bc2 30. Rd2 Bxb3 31. axb3 Nxb3 32. Rd3 Re1+ 33. Kh2 Nxd4 34. Nxd5 Bc5 35. Bxd4 Bd6+ 36. Kh3 Kf7 37. Kg4 b5 38. Bc3 b4 39. Bxe1 1-0

[Event "Santander op"]
[Site "Santander"]
[Date "2011.12.17"]
[Round "1"]
[White "Perez, Javier Enrique"]
[Black "Ruiz Aguilar, Pablo Alexander"]
[Result "0-1"]
[WhiteElo "1648"]
[BlackElo "2294"]
[PlyCount "36"]
[EventDate "2011.12.17"]
[EventType "swiss"]
[EventRounds "9"]
[EventCountry "COL"]
[SourceTitle "CBM 146 Extra"]
[Source "ChessBase"]
[SourceDate "2012.02.29"]
[SourceVersion "1"]
[SourceVersionDate "2012.02.29"]
[SourceQuality "1"]

1. d4 d5 2. c4 c6 3. Nc3 Nf6 4. Bg5 Nbd7 5. Nf3 dxc4 6. e4 b5 7. e5 Nd5 8. Ne4 Qa5+ 9. Bd2 Qb6 10. e6 fxe6 11. Neg5 N7f6 12. Qe2 g6 13. Ne5 Bg7 14. h4 Qxd4 15. 0-0-0 Ne4 16. Bf4 Nxf4 17. Rxd4 Nxe2+ 18. Bxe2 Nxg5 0-1